Score 0/57 Timer 15:00
0 Plays Today
Country Element % Correct
AlbaniaAluminum
86.8%
AustraliaGold
78.8%
ArgentinaArgon
73.2%
CanadaCalcium
55.9%
FranceFrancium
50.7%
BelgiumBeryllium
49.2%
CubaCopper
48.9%
LiechtensteinLithium
47.5%
ColombiaCobalt
45.1%
BrazilBromine
45%
NicaraguaNickel
42.7%
NamibiaSodium
42.4%
IndiaIndium
40.6%
IranIridium
39.7%
MadagascarMagnesium
39.3%
GeorgiaGermanium
36%
GabonGallium
36%
Costa RicaChromium
33.1%
ArmeniaAmericium
32.1%
AustriaAstatine
31.7%
ChileChlorine
30.8%
Antigua and BarbudaSilver
30.6%
MongoliaManganese
29.6%
LaosLanthanum
28.6%
SenegalTin
26.7%
EritreaErbium
23.1%
RussiaRuthenium
21.9%
BahrainBohrium
21.9%
NigerNeon
20.5%
Country Element % Correct
LatviaLivermorium
20.5%
NorwayNobelium
19.7%
ThailandThorium
18.8%
NepalNeptunium
17.8%
LuxembourgLutetium
17.8%
SwedenSelenium
17.3%
Bosnia and HerzegovinaBarium
17.2%
San MarinoSamarium
17.2%
BurundiBismuth
16.9%
SeychellesScandium
16.8%
CameroonCurium
16.7%
SloveniaSilicon
16%
Central African RepublicCalifornium
14.1%
GrenadaGadolinium
14%
MaltaMeitnerium
12.7%
MoldovaMendelevium
12.7%
SurinameStrontium
12.3%
MonacoMoscovium
12.1%
SpainEinsteinium
12%
LiberiaLawrencium
11.9%
SingaporeSeaborgium
11.5%
PanamaProtactinium
10.9%
TurkmenistanThulium
10.2%
ChinaCopernicium
8.4%
South KoreaKrypton
7.1%
Dem. Rep. of The CongoCadmium
6.6%
Solomon IslandsAntimony
6.2%
MicronesiaFermium
3.3%
Remove Ads.
Support Sporcle.
Get the best of Sporcle when you Go Orange. This ad-free experience offers more features, more stats, and more fun while also helping to support Sporcle. Thank you for becoming a member.

You're not logged in!

Compare scores with friends on all Sporcle quizzes.
OR
Log In

Show Comments

Extras

Top Quizzes Today


Score Distribution

Your Account Isn't Verified!

In order to create a playlist on Sporcle, you need to verify the email address you used during registration. Go to your Sporcle Settings to finish the process.

Report this User

Report this user for behavior that violates our Community Guidelines.

Details: